| 000 | 00519nam a2200145 4500 | ||
|---|---|---|---|
| 999 |
_c689 _d689 |
||
| 008 | 191119b ||||| |||| 00| 0 eng d | ||
| 082 | 0 | 0 |
_a621.19 _bP9821 |
| 100 |
_9201 _aPull, E. |
||
| 245 | 1 | 0 |
_aBoiler House Practice: Selection , Working and Maintenance of Steam Generating and Auxiliary Plant: A Comprehensive Book for Engineers in Charge of Small Industrial Plant, Steam _cby E Pull |
| 250 | _a2nd ed. | ||
| 260 |
_aLondon _bTechnical Press _c1945 |
||
| 300 | _av, 281 p. | ||
| 650 | 0 | _aSteam Boilers | |
| 942 |
_2ddc _cBK |
||